000 00311nam a2200109Ia 4500
008 171211s9999 xx 000 0 und d
245 _aJam Today: A Diary of Cooking With What You've Got
245 _cTod Davies
260 _c2009
650 _xCOOKBOOKS
856 _uhttp://down.ebook777.com/062/1935259040.pdf
999 _c348163
_d348163